<?xml version="1.0" encoding="UTF-8"?>
<record
    xmlns:xsi="http://www.w3.org/2001/XMLSchema-instance"
    xsi:schemaLocation="http://www.loc.gov/MARC21/slim http://www.loc.gov/standards/marcxml/schema/MARC21slim.xsd"
    xmlns="http://www.loc.gov/MARC21/slim">

  <leader>01458nam a22001937a 4500</leader>
  <controlfield tag="005">20240725125500.0</controlfield>
  <controlfield tag="008">240723b           ||||| |||| 00| 0 eng d</controlfield>
  <datafield tag="020" ind1=" " ind2=" ">
    <subfield code="a">0399529497</subfield>
  </datafield>
  <datafield tag="040" ind1=" " ind2=" ">
    <subfield code="c">AL</subfield>
  </datafield>
  <datafield tag="041" ind1=" " ind2=" ">
    <subfield code="a">eng</subfield>
  </datafield>
  <datafield tag="082" ind1=" " ind2=" ">
    <subfield code="2">23</subfield>
    <subfield code="a">791.43023</subfield>
    <subfield code="b">LEVS</subfield>
  </datafield>
  <datafield tag="100" ind1=" " ind2=" ">
    <subfield code="a">Frederick Levy</subfield>
    <subfield code="9">173988</subfield>
  </datafield>
  <datafield tag="245" ind1=" " ind2=" ">
    <subfield code="a">Short films one hundred one</subfield>
    <subfield code="b">: how to make a short film and launch your filmmaking career</subfield>
  </datafield>
  <datafield tag="260" ind1=" " ind2=" ">
    <subfield code="a">New York</subfield>
    <subfield code="b">A Perigee Book</subfield>
    <subfield code="c">2004</subfield>
  </datafield>
  <datafield tag="300" ind1=" " ind2=" ">
    <subfield code="a">xv,268p.</subfield>
    <subfield code="b">PB</subfield>
    <subfield code="c">23x15cm.</subfield>
  </datafield>
  <datafield tag="520" ind1=" " ind2=" ">
    <subfield code="a">Where does a young filmmaker begin? With the right short-film concept and this book!The right short can be a filmmaker's "business card" in Hollywood. Here's the authoritative handbook by one of Hollywood's most connected insiders that offers a step-by-step guide through the entire creative process of shooting a short film, as well as expert advice from established filmmakers, and a final game plan for promoting and selling the film once it's in the can.Topics covered include: &#x20AC; Concept&#x20AC; Budget&#x20AC; Finding ailment
&#x20AC; Assembling a crew&#x20AC; Casting&#x20AC; Arranging for location&#x20AC; Locating festivals and ancillary markets&#x20AC; Working with the unions&#x20AC; Film vs. digital video Plus: &#x20AC; A list of film schools&#x20AC; Oscar-winning shorts and nominees&#x20AC; A selection of short-film festivals&#x20AC; Actual short-film budgets&#x20AC; Sample scripts and shooting schedules&#x20AC; A helpful short-film glossary</subfield>
  </datafield>
  <datafield tag="650" ind1=" " ind2=" ">
    <subfield code="2">The Arts</subfield>
    <subfield code="a">Public Performances</subfield>
    <subfield code="9">174011</subfield>
  </datafield>
  <datafield tag="942" ind1=" " ind2=" ">
    <subfield code="2">ddc</subfield>
    <subfield code="c">BK</subfield>
  </datafield>
  <datafield tag="999" ind1=" " ind2=" ">
    <subfield code="c">231503</subfield>
    <subfield code="d">231503</subfield>
  </datafield>
  <datafield tag="952" ind1=" " ind2=" ">
    <subfield code="0">0</subfield>
    <subfield code="1">0</subfield>
    <subfield code="2">ddc</subfield>
    <subfield code="4">0</subfield>
    <subfield code="7">0</subfield>
    <subfield code="8">MAJMC</subfield>
    <subfield code="a">SACPG</subfield>
    <subfield code="b">SACPG</subfield>
    <subfield code="d">2024-07-23</subfield>
    <subfield code="l">1</subfield>
    <subfield code="o">791.43023 LEVS</subfield>
    <subfield code="p">PG024734</subfield>
    <subfield code="r">2026-02-21 12:32:33</subfield>
    <subfield code="s">2026-02-13</subfield>
    <subfield code="w">2024-07-23</subfield>
    <subfield code="y">DB</subfield>
  </datafield>
</record>
